El Occidente ante el comunismo / (Record no. 110189)

MARC details
000 -LEADER
campo de control de longitud fija 00697nam a2200217 4500
001 - NÚMERO DE CONTROL
campo de control 110189
003 - IDENTIFICADOR DE NÚMERO DE CONTROL
campo de control ES-MaACL
005 - FECHA Y HORA DE LA ÚLTIMA TRANSACCIÓN
campo de control 20250804011247.0
007 - CAMPO FIJO DE DESCRIPCIÓN FÍSICA--INFORMACIÓN GENERAL
campo de control de longitud fija t|
008 - DATOS DE LONGITUD FIJA--INFORMACIÓN GENERAL
campo de control de longitud fija 061121s1962 sp r ||||1| spa d
245 03 - MENCIÓN DEL TÍTULO
Título El Occidente ante el comunismo /
Mención de responsabilidad, etc. Willmoore Kendall ... [et. al.] ; traducción de Rafael Cremades Cepa.
260 ## - PUBLICACIÓN, DISTRIBUCIÓN, ETC.
Lugar de publicación, distribución, etc. Madrid :
Nombre del editor, distribuidor, etc. Rialp,
Fecha de publicación, distribución, etc. 1962.
300 ## - DESCRIPCIÓN FÍSICA
Extensión 127 p. ;
Dimensiones 18 cm.
490 1# - MENCIÓN DE SERIE
Mención de serie Libros de bolsillo Rialp ;
Designación de volumen o secuencia 18
650 #7 - PUNTO DE ACCESO ADICIONAL DE MATERIA--TÉRMINO DE MATERIA
Término de materia o nombre geográfico como elemento de entrada Comunismo
Fuente del encabezamiento o término embne
9 (RLIN) 11211
700 1# - ENTRADA AGREGADA--NOMBRE PERSONAL
Nombre de persona Kendall, Willmoore.
9 (RLIN) 67826
700 1# - ENTRADA AGREGADA--NOMBRE PERSONAL
Nombre de persona Cremades Cepa, Rafael.
9 (RLIN) 41484
830 10 - PUNTO DE ACCESO ADICIONAL DE SERIE-TÍTULO UNIFORME
Título uniforme Libros de bolsillo Rialp
Designación de volumen o secuencia 18
9 (RLIN) 181424
852 ## - LOCALIZACIÓN
Ubicación ES-MaACL
Número de control de estantería C-23025
Holdings
Estatus retirado Estado de pérdida Estado de daño No para préstamo Biblioteca de origen Biblioteca actual Ubicación en estantería Fecha de adquisición Fuente de adquisición Total de préstamos Signatura topográfica completa Código de barras Visto por última vez Precio de reemplazo Tipo de ítem Koha
        Biblioteca del Ateneo de Madrid Biblioteca del Ateneo de Madrid Depósito 2 17/01/2008     C-23025 1114959 23/02/2023 23/02/2023 Libro impreso